000 00583cam a2200217 4500
008 090401t1999 xxu||||| |||| 00| 0 eng d
020 _a0632040262
035 _a(Sirsi) u98635
041 _aeng
050 _a658.990285 BET
100 _aBetts, Martin
245 _aStrategic management of IT in construction.
260 _aOxford
_bBlackwell Science
_c1999
300 _a406p. ; 24cm.
350 _a39.50
650 _aBUILT ENVIRONMENT
650 _aMANAGEMENT
690 _aMANAGEMENT-BUSINESS MANAGEMENT-INFORMATION MANAGEMENT
942 _n0
948 _c12/09/1997
999 _c99193
_d99193